000 01224cab a2200241 4500
001 ##L132653
008 060227n2005 000 0 eng u
035 _a(Sirsi) u132653
041 0 _aeng
050 0 4 _a333.334223 $2 18
110 2 _aKent County Council
_91554
245 0 0 _aKent Property Market 2005
260 _c2005
520 _aIn the current climate, Kent's property market is experiencing higher activity levels in all sectors. This report highlights activity and major property deals and discusses progress in the retail, tourism and housing sectors for the Kent property market area. It features coverage on regeneration projects, illustrating a range of initiatives in development and infrastructure in progress throughout the county. The main focus is on the growth areas of Thames Gateway Kent and Ashford, but projects in some of Kent's coastal towns are also discussed.
590 _aIKA280206
650 2 4 _aKENT
650 2 4 _aASHFORD
690 _aPROPERTY-COMMERCIAL PROPERTY-COMMERCIAL PROPERTY MARKET
710 2 _aCluttons
_92064
710 2 _aLocate in Kent
_94891
856 4 0 _uhttps://www.kentpropertymarket.co.uk/
_zView the report at www.kentpropertymarket.co.uk...
942 _n0
999 _c105202
_d105202